[Event "Foment Martinenc op-A 22nd"]
[Site "Barcelona"]
[Date "2022.04.23"]
[Round "1"]
[White "Pinero, Reinaldo Adolfo"]
[Black "Perez Pastora, Evaristo"]
[Result "0-1"]
[WhiteElo "1848"]
[BlackElo "2071"]
[PlyCount "92"]
[EventDate "2022.04.23"]
[EventType "swiss"]
[EventRounds "9"]
[EventCountry "ESP"]
[SourceTitle "EXT 2023"]
[Source "ChessBase"]
[SourceDate "2022.10.05"]
[SourceVersion "1"]
[SourceVersionDate "2022.10.05"]
[SourceQuality "1"]

1. e4 c5 2. Nf3 d6 3. Bb5+ Nd7 4. 0-0 Ngf6 5. Re1 e6 6. c3 Be7 7. d4 0-0 8. h3 a6 9. Bd3 e5 10. a4 b6 11. Nbd2 Qc7 12. d5 Nh5 13. c4 Nf4 14. Bc2 Nf6 15. Nf1 N6h5 16. Be3 g6 17. Kh2 f5 18. Ng1 Ng7 19. Ng3 Nxg2 20. Kxg2 f4 21. Bxf4 exf4 22. Nf1 Bf6 23. Rb1 a5 24. Nh2 Qe7 25. Nhf3 Ra7 26. Qe2 Re8 27. Qd2 g5 28. Qd3 Qf7 29. Re2 h5 30. Nh2 g4 31. f3 gxh3+ 32. Kh1 Rae7 33. Qd2 Bh4 34. Qd3 Re5 35. Qd1 Kh8 36. Qf1 Qd7 37. b3 Rg8 38. Rd2 Ne8 39. Ne2 Bg3 40. Nc1 Reg5 41. Nd3 Qg7 42. Nf2 Bxh2 43. Kxh2 Rg2+ 44. Kh1 Qg3 45. Ng4 Bxg4 46. Rxg2 hxg2+ 0-1